00644nam a22001697a 450000500170000000800400001702000150005705000210007210000380009324500930013125000110022426000950023530000210033050400380035160000480038965000370043720170824091231.0130528t mx||||| |||| 00| 0 spa d a968759871904aPQ7257bH47 20021 aHernandez Aragón, Ma. de la Paz10aHidalgo en la poesia de los nicolaitas del siglo XIX /cMa. de la Paz Hernandez Aragón a1a ed. aMorelia, Michoacán, México. :bUniversidad Michoacana de San Nicolas de Hidalgo,c2002 a203 p. ;c21 cm. aIncluye bibliografía e índice 22LembaHidalgo y Costilla, Migueld1753-1811 72LembaPoesia mexicanaySiglo XIX